Conocer el mundo : enciclopedia salvat de todos los países :

Guardado en:
Formato: Libro
Publicado: Pamplona : Salvat, 1975
Materias:
Etiquetas: Agregar Etiqueta
Sin Etiquetas, Sea el primero en etiquetar este registro!
LEADER 00860nam a22001695a 4500
001 CEM.cems012821
005 20080401122343.0
008 130507s1975##################000#0#####d
003 CEMS
020 |a 8471374544 
082 0 4 |a C910 
245 0 0 |a Conocer el mundo :  |b enciclopedia salvat de todos los países : 
260 |a Pamplona :  |b Salvat,  |c 1975 
505 0 |a Guatemala -- Honduras -- Nicaragua -- Costa Rica -- Panamá -- Cuba -- Haití -- República Dominicana -- Jamaica -- Islas Caimán -- Islas Vírgenes estadounidenses -- Islas Vírgenes británicas -- Montserrat -- Estados Asociados de as Indias Occidentales -- Guadalupe y Martinica -- Granada -- Barbados -- Trinidad y Tobago -- Antillas holandesas -- Venezuela -- Colombia 
653 |a Geografía 
653 |a Geografía general 
859 |a CEMS  |b BIB. CEMS - 11 de abril  |h C910  |i Sa38  |p 25036.08  |t Ej.1  |v XIII  |3 XIII